000 00854cab a2200253 4500
001 ABS55615
008 090401t1996 xxu||||| |||| 00| 0 eng d
035 _a(Sirsi) u17585
041 _aeng
100 _aGillibrand, A.
245 _aValuing the MOD`s asset base
260 _c1996
350 _a0
490 _aEstates Gazette
_v(9628) 13 July 1996, 131-133(3)
520 _aDiscusses the criteria valuers may have to use to assist in the MOD`s task of valuing the asset base they choose to deploy. Considers specificity in use and prospective lifetime of the diverse range of assets - from offices to submarines.
650 _aASSET VALUATION
650 _aMOD PROPERTY
650 _aRESOURCE ACCOUNTING
650 _aVALUATION ISSUES
690 _aRATING AND VALUATION
700 _aHilton, B.
942 _n0
948 _c04/03/1997
999 _c11659
_d11659